[Event "Ronne Jubilaum"]
[Site "Ronne"]
[Date "2001.06.26"]
[Round "4"]
[White "Aaberg, Anton"]
[Black "Gaponenko, Inna"]
[Result "1-0"]
[WhiteElo "2266"]
[BlackElo "2373"]
[PlyCount "77"]
[EventDate "2001.??.??"]
[EventType "swiss"]
[EventRounds "9"]
[EventCountry "DEN"]
[SourceDate "2005.12.01"]

1. d4 Nf6 2. c4 g6 3. g3 Bg7 4. Bg2 O-O 5. Nc3 d6 6. Nf3 Nbd7 7. O-O e5 8. e4
a6 9. Re1 exd4 10. Nxd4 Ng4 11. Qxg4 Bxd4 12. Qe2 Ne5 13. Kh1 Bxc3 14. bxc3 Be6
15. c5 dxc5 16. Bh6 Re8 17. Rad1 Qe7 18. h3 Bc4 19. Qe3 f6 20. Bf4 Bxa2 21. Qc1
Bc4 22. Qb1 b5 23. Be3 Rad8 24. Qa1 Nd3 25. Rf1 Rd6 26. f4 b4 27. Qa5 Bb5 28.
e5 fxe5 29. fxe5 Qxe5 30. Bg1 Rd7 31. cxb4 cxb4 32. Qa2+ Qe6 33. Qb1 c5 34. Rf3
Red8 35. Rd2 Bc6 36. Re3 Bxg2+ 37. Kxg2 Qc6+ 38. Kh2 c4 39. Rde2 1-0

[Event "Ronne Jubilaum"]
[Site "Ronne"]
[Date "2001.06.28"]
[Round "7"]
[White "Sandstrom, Anders"]
[Black "Rorvik, Jon F"]
[Result "1-0"]
[WhiteElo "1894"]
[BlackElo "2174"]
[PlyCount "61"]
[EventDate "2001.??.??"]
[EventType "swiss"]
[EventRounds "9"]
[EventCountry "DEN"]
[SourceDate "2005.12.01"]

1. Nf3 d5 2. d4 e6 3. g3 Nf6 4. c4 c6 5. Bg2 Nbd7 6. Qc2 Be7 7. O-O O-O 8. Rd1
Re8 9. b3 Nf8 10. Nc3 b6 11. e4 Bb7 12. Ne5 Rc8 13. f4 Rc7 14. Bb2 Qb8 15. exd5
cxd5 16. Qe2 dxc4 17. Nxc4 b5 18. Ne5 b4 19. Ne4 Nd5 20. Rac1 Rxc1 21. Rxc1 Rc8
22. Nc5 Ba8 23. Be4 Qb6 24. Rc4 Qd8 25. Qh5 g6 26. Qh3 Ne3 27. Nxf7 Kxf7 28.
Nxe6 Nxe6 29. d5 Nxc4 30. dxe6+ Kf8 31. Qh6+ 1-0

[Event "Ronne Jubilaum"]
[Site "Ronne"]
[Date "2001.06.24"]
[Round "1"]
[White "Ibragimov, Ildar"]
[Black "Lilja, Richard"]
[Result "1-0"]
[WhiteElo "2578"]
[BlackElo "2104"]
[PlyCount "41"]
[EventDate "2001.??.??"]
[EventType "swiss"]
[EventRounds "9"]
[EventCountry "DEN"]
[SourceDate "2005.12.01"]

1. d4 Nf6 2. Nc3 g6 3. e4 d6 4. Be3 Bg7 5. f3 c6 6. Qd2 h5 7. Bd3 Qa5 8. Nge2
Na6 9. a3 Nb4 10. Bc4 b5 11. Bb3 Na6 12. e5 b4 13. exf6 bxc3 14. Nxc3 Bxf6 15.
O-O Nc7 16. Ne4 Qxd2 17. Nxf6+ exf6 18. Bxd2 Be6 19. Ba4 Kd7 20. b3 Nb5 21. d5
1-0

[Event "Ronne Jubilaum"]
[Site "Ronne"]
[Date "2001.06.24"]
[Round "1"]
[White "Grahn, Lars"]
[Black "Hector, Jonny"]
[Result "0-1"]
[WhiteElo "2100"]
[BlackElo "2546"]
[PlyCount "70"]
[EventDate "2001.??.??"]
[EventType "swiss"]
[EventRounds "9"]
[EventCountry "DEN"]
[SourceDate "2005.12.01"]

1. d4 d5 2. c4 e6 3. Nc3 c6 4. Nf3 Nf6 5. g3 dxc4 6. Bg2 Nbd7 7. O-O Be7 8. a4
O-O 9. Nd2 e5 10. Nxc4 exd4 11. Qxd4 Nc5 12. Qxd8 Rxd8 13. Be3 Nb3 14. Rad1 Be6
15. Ne5 Bd6 16. Nd3 a5 17. Bg5 Be7 18. Ne4 Nd4 19. Nc1 Bc4 20. Bxf6 gxf6 21.
Nc3 Bb4 22. Rfe1 Bxc3 23. bxc3 Nxe2+ 24. Nxe2 Rxd1 25. Rxd1 Bxe2 26. Rd2 Re8
27. h4 Kf8 28. Rd4 Ba6 29. Rf4 Re1+ 30. Kh2 Rc1 31. Rxf6 Rxc3 32. Be4 Ra3 33.
Rh6 Rxa4 34. f3 Rxe4 35. fxe4 a4 0-1

[Event "Ronne Jubilaum"]
[Site "Ronne"]
[Date "2001.06.24"]
[Round "1"]
[White "Kiriakov, Petr"]
[Black "Petersen, Tom Petri"]
[Result "1-0"]
[WhiteElo "2546"]
[BlackElo "2098"]
[PlyCount "123"]
[EventDate "2001.??.??"]
[EventType "swiss"]
[EventRounds "9"]
[EventCountry "DEN"]
[SourceDate "2005.12.01"]

1. d4 g6 2. c4 Bg7 3. e4 d6 4. Nc3 Nf6 5. Nf3 O-O 6. Be2 e5 7. O-O Nc6 8. d5
Ne7 9. Ne1 Nd7 10. Be3 f5 11. f3 f4 12. Bf2 g5 13. a4 Rf6 14. a5 a6 15. Nd3 Qe8
16. Be1 Rh6 17. Nf2 Kh8 18. Na4 Ng8 19. Bb4 Ngf6 20. c5 Bf8 21. cxd6 Bxd6 22.
Qb3 Rg6 23. Rfc1 Qd8 24. Rc3 h5 25. h3 Ne8 26. Rac1 Qe7 27. Bxd6 Qxd6 28. Nc5
Nxc5 29. Rxc5 Rg7 30. R5c3 Kh7 31. Bd1 Rb8 32. Rc6 bxc6 33. Qxb8 Bd7 34. Bb3
Nf6 35. dxc6 Bxc6 36. Qc8 Bb5 37. Rd1 Qe7 38. Be6 Kh6 39. Rd8 Ne8 40. Bf5 Rf7
41. Kh2 Rf8 42. Qe6+ Qxe6 43. Bxe6 Rf6 44. Bc4 Bxc4 45. Rxe8 Rd6 46. h4 g4 47.
fxg4 Rd2 48. Kg1 Rxb2 49. Rxe5 Rb1+ 50. Kh2 Rb2 51. Rxh5+ Kg7 52. Rc5 Bb5 53.
Rxc7+ Kf8 54. Nh3 f3 55. Kg3 fxg2 56. Kh2 Bf1 57. Ng5 Rb3 58. Kg1 Rg3 59. Rf7+
Kg8 60. Rf4 Be2 61. e5 Re3 62. Re4 1-0

[Event "Ronne Jubilaum"]
[Site "Ronne"]
[Date "2001.06.24"]
[Round "1"]
[White "Kveinys, Aloyzas"]
[Black "Allgaier, Erik"]
[Result "1-0"]
[WhiteElo "2533"]
[BlackElo "2276"]
[PlyCount "61"]
[EventDate "2001.??.??"]
[EventType "swiss"]
[EventRounds "9"]
[EventCountry "DEN"]
[SourceDate "2005.12.01"]

1. e4 d6 2. d4 Nf6 3. Nc3 c6 4. a4 Nbd7 5. Nf3 e5 6. Bc4 Be7 7. O-O O-O 8. Re1
h6 9. h3 Re8 10. Be3 Qc7 11. Qb1 Nf8 12. Qa2 Be6 13. d5 cxd5 14. exd5 Rec8 15.
Bd3 Bd7 16. Nd2 N6h7 17. Nb5 Qb8 18. Nc4 Kh8 19. Qb3 f5 20. f4 e4 21. Be2 Nf6
22. Red1 Be8 23. Nd4 Bd7 24. Na3 b6 25. Bb5 Qb7 26. Bc6 Bxc6 27. dxc6 Rxc6 28.
Nxc6 Qxc6 29. c4 N8d7 30. Qb5 Rc8 31. Qxf5 1-0

[Event "Ronne Jubilaum"]
[Site "Ronne"]
[Date "2001.06.24"]
[Round "1"]
[White "Carlsen, Magnus"]
[Black "Loginov, Valery A"]
[Result "0-1"]
[WhiteElo "2288"]
[BlackElo "2499"]
[PlyCount "84"]
[EventDate "2001.??.??"]
[EventType "swiss"]
[EventRounds "9"]
[EventCountry "DEN"]
[SourceDate "2005.12.01"]

1. c4 g6 2. Nc3 c5 3. Nf3 Bg7 4. g3 Nc6 5. Bg2 d6 6. O-O Nh6 7. d3 Nf5 8. Rb1
h5 9. h3 Bd7 10. e4 Nfd4 11. Nxd4 Nxd4 12. Ne2 Nc6 13. Be3 Qc8 14. Kh2 Rb8 15.
f4 b5 16. cxb5 Rxb5 17. d4 h4 18. g4 Qb8 19. b3 cxd4 20. Nxd4 Nxd4 21. Bxd4 e5
22. Bb2 O-O 23. f5 d5 24. exd5 e4+ 25. Kh1 Bxb2 26. Rxb2 Qe5 27. Qe2 Rb4 28.
Qe1 Bb5 29. Rg1 a5 30. a3 Rd4 31. fxg6 fxg6 32. Qxh4 g5 33. Qe1 e3 34. Qc3 e2
35. Rbb1 Rxd5 36. Bxd5+ Qxd5+ 37. Kh2 Rf3 38. Qc8+ Kg7 39. Qc7+ Kh6 40. Rg2 Rf1
41. Rc1 Rxc1 42. Qxc1 Qe5+ 0-1

[Event "Ronne Jubilaum"]
[Site "Ronne"]
[Date "2001.06.24"]
[Round "1"]
[White "Pedersen, Steffen"]
[Black "Andersen, Rune"]
[Result "1-0"]
[WhiteElo "2463"]
[BlackElo "2298"]
[PlyCount "75"]
[EventDate "2001.??.??"]
[EventType "swiss"]
[EventRounds "9"]
[EventCountry "DEN"]
[SourceDate "2005.12.01"]

1. d4 d5 2. c4 c6 3. e3 Nf6 4. Nc3 e6 5. Nf3 Nbd7 6. Qc2 Bd6 7. Bd2 O-O 8. h3
e5 9. cxd5 exd4 10. Nxd4 cxd5 11. Ncb5 Bc5 12. Bd3 a6 13. Nc3 Ne5 14. O-O Bxd4
15. exd4 Nxd3 16. Qxd3 Qd6 17. Bg5 Bd7 18. Bxf6 Qxf6 19. Nxd5 Qg5 20. Nc3 Bc6
21. f3 Rad8 22. Rfe1 Rd6 23. Rad1 Rg6 24. Re2 Bd7 25. f4 Qh4 26. Re3 Qxf4 27.
Nd5 Rxg2+ 28. Kxg2 Qg5+ 29. Kh2 Qxd5 30. Qe4 Qxa2 31. Qxb7 Qc4 32. Qe4 f5 33.
Qd3 Qd5 34. Re5 Qd6 35. Qc4+ Kh8 36. Qc5 Qxc5 37. dxc5 Bb5 38. Rxf5 1-0

[Event "Ronne Jubilaum"]
[Site "Ronne"]
[Date "2001.06.24"]
[Round "1"]
[White "Henrichsen, Jens"]
[Black "Hillarp Persson, Tiger"]
[Result "0-1"]
[WhiteElo "2051"]
[BlackElo "2443"]
[PlyCount "32"]
[EventDate "2001.??.??"]
[EventType "swiss"]
[EventRounds "9"]
[EventCountry "DEN"]
[SourceDate "2005.12.01"]

1. d4 d5 2. c4 dxc4 3. Nf3 Nf6 4. e3 Be6 5. Na3 g6 6. Nxc4 Bg7 7. Bd3 O-O 8.
Qe2 c5 9. O-O Nc6 10. dxc5 Nd7 11. Rd1 Nxc5 12. Bc2 Qc8 13. Nd4 Rd8 14. Nxe6
Qxe6 15. Rxd8+ Rxd8 16. Bd2 Nd4 0-1

[Event "Ronne Jubilaum"]
[Site "Ronne"]
[Date "2001.06.24"]
[Round "1"]
[White "Berg, Klaus"]
[Black "Aurlund, Kjell"]
[Result "1-0"]
[WhiteElo "2316"]
[BlackElo "2305"]
[PlyCount "67"]
[EventDate "2001.??.??"]
[EventType "swiss"]
[EventRounds "9"]
[EventCountry "DEN"]
[SourceDate "2005.12.01"]

1. e4 g6 2. d4 Bg7 3. Nc3 d6 4. Be3 a6 5. Qd2 b5 6. a4 b4 7. Nd1 Nf6 8. f3 a5
9. Bh6 Bxh6 10. Qxh6 e5 11. dxe5 dxe5 12. Ne3 Be6 13. Rd1 Qe7 14. Bb5+ Nfd7 15.
Nh3 f6 16. O-O Qc5 17. Nf2 c6 18. Be2 Qf8 19. Qxf8+ Rxf8 20. Rd6 Ke7 21. Rfd1
Nb6 22. b3 Ra7 23. R6d2 N6d7 24. Nd3 Rc8 25. g3 f5 26. Bf1 fxe4 27. fxe4 Rf8
28. Bg2 Rf7 29. Rc1 Rc7 30. c3 Bxb3 31. cxb4 Bxa4 32. bxa5 c5 33. Nb4 Rf6 34.
Nbd5+ 1-0

[Event "Ronne Jubilaum"]
[Site "Ronne"]
[Date "2001.06.24"]
[Round "1"]
[White "Schmidt, Horst Hubert"]
[Black "Hoi, Carsten"]
[Result "0-1"]
[WhiteElo "2006"]
[BlackElo "2404"]
[PlyCount "46"]
[EventDate "2001.??.??"]
[EventType "swiss"]
[EventRounds "9"]
[EventCountry "DEN"]
[SourceDate "2005.12.01"]

1. Nf3 Nf6 2. c4 g6 3. d4 Bg7 4. e3 O-O 5. Be2 c5 6. O-O cxd4 7. Nxd4 Nc6 8.
Nc3 Nxd4 9. exd4 d5 10. Be3 dxc4 11. Bxc4 Ng4 12. Qb3 Bxd4 13. Rad1 Qc7 14. g3
Bxe3 15. Nd5 Bxf2+ 16. Rxf2 Qc5 17. Nxe7+ Qxe7 18. Bxf7+ Kg7 19. Qc3+ Qe5 20.
Qxe5+ Nxe5 21. Bd5 Rxf2 22. Kxf2 Bg4 23. Bxb7 Rf8+ 0-1

[Event "Ronne Jubilaum"]
[Site "Ronne"]
[Date "2001.06.24"]
[Round "1"]
[White "Jakobsen, Ole"]
[Black "Almind, Heinrich Dalsgaard"]
[Result "1-0"]
[WhiteElo "2399"]
[BlackElo "2238"]
[PlyCount "141"]
[EventDate "2001.??.??"]
[EventType "swiss"]
[EventRounds "9"]
[EventCountry "DEN"]
[SourceDate "2005.12.01"]

1. d4 e6 2. g3 d5 3. Bg2 Nf6 4. Nf3 b6 5. O-O Bb7 6. c4 Be7 7. cxd5 exd5 8. Nc3
O-O 9. Bf4 Nbd7 10. Rc1 Nh5 11. Bd2 Nhf6 12. Bg5 Re8 13. Qb3 h6 14. Bf4 c5 15.
Rfd1 c4 16. Qc2 a6 17. a4 Nf8 18. Ne5 Ra7 19. b3 Qc8 20. bxc4 dxc4 21. e4 Ne6
22. Be3 Bb4 23. Nd5 Nxd5 24. exd5 Nf8 25. Qxc4 Qxc4 26. Rxc4 Bd6 27. Nc6 Raa8
28. Rc2 Nd7 29. Rb2 b5 30. axb5 axb5 31. Rxb5 Ba6 32. Ra5 Bc4 33. Bf4 Bxf4 34.
gxf4 Rxa5 35. Nxa5 Bb5 36. Nc6 Nf6 37. Rc1 Kf8 38. Ne5 Ra8 39. Bf3 Rd8 40. Rc5
Ba4 41. Nc6 Rd6 42. Ra5 Bb3 43. Ra8+ Ne8 44. Nb4 Ke7 45. Ra3 Bc4 46. Ra7+ Kf8
47. Ra8 Rd7 48. h4 Rd6 49. f5 g6 50. fxg6 fxg6 51. Rc8 Bb5 52. Nc6 Bc4 53. Ne5
Bxd5 54. Bxd5 Rxd5 55. Nxg6+ Kf7 56. Ne5+ Ke7 57. Nf3 Nd6 58. Ra8 Nf5 59. Ra4
Kf6 60. Kg2 Nd6 61. Ra1 Kf5 62. Rc1 Ne4 63. Rc8 Kf4 64. Rf8+ Kg4 65. Ne5+ Kh5
66. Rf5+ Ng5 67. hxg5 hxg5 68. f4 Rxd4 69. Rxg5+ Kh6 70. Kf3 Ra4 71. Kg4 1-0

[Event "Ronne Jubilaum"]
[Site "Ronne"]
[Date "2001.06.24"]
[Round "1"]
[White "Taksrud, Vidar"]
[Black "Fries Nielsen, Jens Ove"]
[Result "0-1"]
[WhiteElo "1944"]
[BlackElo "2301"]
[PlyCount "76"]
[EventDate "2001.??.??"]
[EventType "swiss"]
[EventRounds "9"]
[EventCountry "DEN"]
[SourceDate "2005.12.01"]

1. Nf3 d5 2. d4 c6 3. g3 Nf6 4. Bg2 Bf5 5. O-O Nbd7 6. Nc3 h6 7. a4 a5 8. Ne5
e6 9. Nxd7 Qxd7 10. f3 Rd8 11. Be3 Bb4 12. Na2 Bd6 13. Bd2 Bc7 14. Nc1 h5 15.
Nd3 Bxd3 16. cxd3 h4 17. Qe1 hxg3 18. hxg3 Nh5 19. f4 g5 20. e3 f5 21. e4 dxe4
22. dxe4 Bb6 23. Be3 gxf4 24. gxf4 Nf6 25. exf5 Ng4 26. fxe6 Qh7 27. Rf3 Nxe3
28. Rxe3 Rxd4 29. Kf1 Rxf4+ 30. Rf3 Qd3+ 31. Qe2 Qd4 32. Ke1 Re4 33. Rf8+ Rxf8
34. Bxe4 Ke7 35. Rd1 Qb4+ 36. Rd2 Rf2 37. Qd3 Rxd2 38. Qxd2 Qxe4+ 0-1

[Event "Ronne Jubilaum"]
[Site "Ronne"]
[Date "2001.06.24"]
[Round "1"]
[White "Gaponenko, Inna"]
[Black "Christiansen, Erling Molbaek"]
[Result "1-0"]
[WhiteElo "2373"]
[BlackElo "1928"]
[PlyCount "51"]
[EventDate "2001.??.??"]
[EventType "swiss"]
[EventRounds "9"]
[EventCountry "DEN"]
[SourceDate "2005.12.01"]

1. e4 e5 2. Nf3 Nc6 3. Bb5 Nd4 4. Nxd4 exd4 5. O-O Bc5 6. Bc4 Qf6 7. d3 Ne7 8.
f4 d6 9. Nd2 Be6 10. f5 Bxc4 11. Nxc4 Nc6 12. Qh5 h6 13. Bf4 O-O-O 14. Bg3 Rd7
15. Bh4 g5 16. fxg6 Qxg6 17. Qe2 Re8 18. Rf6 Qg7 19. Qh5 Rh8 20. Raf1 Rh7 21.
a3 b5 22. Qd5 bxc4 23. Qxc6 Re7 24. Qa6+ Kb8 25. Qxc4 Qg4 26. R6f4 1-0

[Event "Ronne Jubilaum"]
[Site "Ronne"]
[Date "2001.06.24"]
[Round "1"]
[White "Pajkic, Nicolas"]
[Black "Poley, Vladimir"]
[Result "0-1"]
[WhiteElo "1903"]
[BlackElo "2361"]
[PlyCount "46"]
[EventDate "2001.??.??"]
[EventType "swiss"]
[EventRounds "9"]
[EventCountry "DEN"]
[SourceDate "2005.12.01"]

1. e4 g6 2. d4 Bg7 3. c3 c6 4. f4 d5 5. e5 Nh6 6. Bd3 f6 7. Be3 O-O 8. Nf3 Bg4
9. Nbd2 fxe5 10. fxe5 c5 11. h3 Bf5 12. Qe2 cxd4 13. cxd4 Nc6 14. O-O-O Qa5 15.
Bb1 Nb4 16. a3 Nc6 17. g4 Bd7 18. Nb3 Qc7 19. Bc2 e6 20. Kb1 a5 21. Rhf1 b5 22.
Nc5 b4 23. Nxd7 Qxd7 0-1

[Event "Ronne Jubilaum"]
[Site "Ronne"]
[Date "2001.06.24"]
[Round "1"]
[White "Demina, Julia"]
[Black "Hornsgaard, Jens Boe"]
[Result "1-0"]
[WhiteElo "2350"]
[BlackElo "1902"]
[PlyCount "63"]
[EventDate "2001.??.??"]
[EventType "swiss"]
[EventRounds "9"]
[EventCountry "DEN"]
[SourceDate "2005.12.01"]

1. d4 d5 2. c4 e6 3. Nf3 Nf6 4. Nc3 c6 5. e3 Nbd7 6. Qc2 Bd6 7. b3 O-O 8. Bb2
Re8 9. O-O-O a6 10. e4 dxe4 11. Nxe4 Nxe4 12. Qxe4 Nf6 13. Qc2 Qe7 14. c5 Bc7
15. Bd3 Bd7 16. Rhe1 h6 17. a3 b6 18. Ne5 Red8 19. f4 Nd5 20. g3 Be8 21. Kb1 f6
22. Bh7+ Kh8 23. Ng6+ Bxg6 24. Bxg6 bxc5 25. dxc5 Rab8 26. Bd3 a5 27. Ka1 Rb7
28. Qc4 Rdb8 29. Bc2 a4 30. Qe4 f5 31. Qxe6 Qxc5 32. Qxh6+ 1-0

[Event "Ronne Jubilaum"]
[Site "Ronne"]
[Date "2001.06.24"]
[Round "1"]
[White "Sandstrom, Anders"]
[Black "Aaberg, Anton"]
[Result "1/2-1/2"]
[WhiteElo "1894"]
[BlackElo "2266"]
[PlyCount "82"]
[EventDate "2001.??.??"]
[EventType "swiss"]
[EventRounds "9"]
[EventCountry "DEN"]
[SourceDate "2005.12.01"]

1. Nf3 Nf6 2. c4 c6 3. g3 d5 4. cxd5 cxd5 5. Bg2 Nc6 6. O-O Bg4 7. d3 e6 8.
Nbd2 Be7 9. a3 a5 10. b3 O-O 11. Bb2 Nd7 12. Rc1 Qb6 13. h3 Bh5 14. Rc2 Bf6 15.
Bxf6 Nxf6 16. Qb1 e5 17. Qb2 Rfe8 18. Rfc1 Bxf3 19. Nxf3 e4 20. dxe4 dxe4 21.
Nh4 Rad8 22. Nf5 Rd7 23. Rc5 Qd8 24. R1c2 h6 25. b4 axb4 26. axb4 Kh7 27. b5
Na7 28. Kh2 Rd5 29. Qb3 Ree5 30. Rxd5 Qxd5 31. Qxd5 Rxd5 32. b6 Nc6 33. Ne3 Rb5
34. Rc4 Rxb6 35. Bxe4+ Nxe4 36. Rxe4 Rb4 37. Re8 Rd4 38. Kg2 b5 39. Rc8 Rd6 40.
Nf5 Re6 41. Rc7 Rf6 1/2-1/2

[Event "Ronne Jubilaum"]
[Site "Ronne"]
[Date "2001.06.24"]
[Round "1"]
[White "Moller, Morten Kock"]
[Black "Larsen, Karsten"]
[Result "0-1"]
[WhiteElo "1859"]
[BlackElo "2304"]
[PlyCount "128"]
[EventDate "2001.??.??"]
[EventType "swiss"]
[EventRounds "9"]
[EventCountry "DEN"]
[SourceDate "2005.12.01"]

1. e4 c6 2. d4 g6 3. Nc3 d5 4. Nf3 Bg7 5. h3 Nf6 6. Bd3 dxe4 7. Nxe4 Nxe4 8.
Bxe4 Bf5 9. Bxf5 gxf5 10. Be3 Nd7 11. O-O e6 12. Qc1 Qf6 13. Re1 O-O 14. Bf4
Kh8 15. Ne5 Nxe5 16. Bxe5 Qg6 17. Bxg7+ Qxg7 18. Qf4 Rg8 19. g3 Rad8 20. c3 Rd5
21. Re2 Rgd8 22. Rae1 h6 23. Re5 Rxe5 24. Qxe5 Qxe5 25. Rxe5 h5 26. h4 Kg7 27.
Kg2 Kf6 28. Kf3 Rg8 29. a4 Ke7 30. b3 Kd6 31. Ke2 f6 32. Re3 e5 33. Rf3 Ke6 34.
Re3 Rg4 35. f4 e4 36. Kf2 Rg7 37. Re1 Kd5 38. Rg1 b5 39. axb5 cxb5 40. Ke3 Rc7
41. Rc1 a5 42. Kd2 b4 43. Rc2 bxc3+ 44. Rxc3 Rg7 45. Rc5+ Kxd4 46. Rxa5 Rxg3
47. Ra4+ Kd5 48. Ra5+ Ke6 49. Ra6+ Kf7 50. b4 Rb3 51. Rb6 Rf3 52. b5 Rxf4 53.
Rb7+ Ke6 54. Rc7 Rf2+ 55. Kc3 Rf1 56. Rc6+ Kd5 57. Kc2 e3 58. Rc8 Kd4 59. b6 e2
60. b7 Rc1+ 61. Kb2 Rb1+ 62. Kc2 e1=Q 63. Rd8+ Kc5 64. Rc8+ Kd6 0-1

[Event "Ronne Jubilaum"]
[Site "Ronne"]
[Date "2001.06.24"]
[Round "1"]
[White "Hauschild, Andreas"]
[Black "Munch, Anders"]
[Result "1-0"]
[WhiteElo "2290"]
[BlackElo "1857"]
[PlyCount "63"]
[EventDate "2001.??.??"]
[EventType "swiss"]
[EventRounds "9"]
[EventCountry "DEN"]
[SourceDate "2005.12.01"]

1. d4 Nf6 2. c4 e6 3. Nc3 d5 4. Bg5 c6 5. e3 Nbd7 6. cxd5 exd5 7. Bd3 Be7 8.
Qc2 h6 9. Bh4 O-O 10. Nge2 Re8 11. O-O Nf8 12. f3 Qb6 13. Bf2 Qd8 14. h3 Ne6
15. e4 Nh5 16. Be3 Bh4 17. e5 Ng3 18. Nxg3 Bxg3 19. Ne2 Bh4 20. f4 Qb6 21. Kh1
Nf8 22. Rf3 Bd7 23. f5 Bg5 24. Bf2 Rac8 25. f6 gxf6 26. h4 fxe5 27. dxe5 Qd8
28. hxg5 Rxe5 29. gxh6 Rh5+ 30. Kg1 Rxh6 31. Rg3+ Kh8 32. Bd4+ 1-0

[Event "Ronne Jubilaum"]
[Site "Ronne"]
[Date "2001.06.24"]
[Round "1"]
[White "Maiorov, Nikita"]
[Black "Evensen, Tom Richard"]
[Result "1-0"]
[WhiteElo "2326"]
[BlackElo "1838"]
[PlyCount "87"]
[EventDate "2001.??.??"]
[EventType "swiss"]
[EventRounds "9"]
[EventCountry "DEN"]
[SourceDate "2005.12.01"]

1. d4 d5 2. c4 c6 3. Nc3 Nf6 4. e3 e6 5. Nf3 Nbd7 6. Qc2 Bd6 7. Bd3 O-O 8. O-O
dxc4 9. Bxc4 b5 10. Be2 Bb7 11. Rd1 Qc7 12. Bd2 a6 13. b4 e5 14. a3 Rfe8 15. h3
e4 16. Ne1 Nf8 17. f3 exf3 18. Nxf3 Bg3 19. Bd3 c5 20. Rf1 cxd4 21. exd4 Rac8
22. Qb3 Qd7 23. Kh1 Ne6 24. Be3 Bb8 25. Ne2 Qc7 26. Bg1 Bd5 27. Qb2 Ne4 28.
Rac1 Qe7 29. Qb1 N4g5 30. Rxc8 Rxc8 31. Ne5 f6 32. Ng4 Nxh3 33. Bxh7+ Kf8 34.
Qf5 Rd8 35. Qh5 Nhf4 36. Nxf4 Nxf4 37. Rxf4 Bxf4 38. Be4 Kg8 39. Bxd5+ Rxd5 40.
Qxd5+ Kf8 41. Qa8+ Kf7 42. Qxa6 f5 43. Nf2 Qh4+ 44. Nh3 1-0

[Event "Ronne Jubilaum"]
[Site "Ronne"]
[Date "2001.06.24"]
[Round "1"]
[White "Holstein Ratlau, Claus Hoeg"]
[Black "Angskog, Kent"]
[Result "1/2-1/2"]
[WhiteElo "1827"]
[BlackElo "2160"]
[PlyCount "62"]
[EventDate "2001.??.??"]
[EventType "swiss"]
[EventRounds "9"]
[EventCountry "DEN"]
[SourceDate "2005.12.01"]

1. d4 Nf6 2. c4 b6 3. Nc3 Bb7 4. Nf3 g6 5. d5 Bg7 6. e4 d6 7. Bd3 O-O 8. O-O
Nbd7 9. Rb1 c6 10. Be3 Rc8 11. h3 e6 12. dxe6 fxe6 13. Qa4 a6 14. Rbd1 Nh5 15.
Bg5 Qc7 16. Bb1 Rxf3 17. gxf3 Ne5 18. f4 Nf3+ 19. Kg2 Nxg5 20. fxg5 Nf4+ 21.
Kh1 Nxh3 22. f4 Bxc3 23. bxc3 Rf8 24. c5 dxc5 25. e5 c4 26. Qxc4 c5+ 27. Kh2
Qc6 28. Kxh3 Qg2+ 29. Kh4 Qh2+ 30. Kg4 Qg2+ 31. Kh4 Qh2+ 1/2-1/2

[Event "Ronne Jubilaum"]
[Site "Ronne"]
[Date "2001.06.24"]
[Round "1"]
[White "Rendboe, John Filip"]
[Black "Furseev, Evgeni"]
[Result "1-0"]
[WhiteElo "2259"]
[BlackElo "1800"]
[PlyCount "93"]
[EventDate "2001.??.??"]
[EventType "swiss"]
[EventRounds "9"]
[EventCountry "DEN"]
[SourceDate "2005.12.01"]

1. d4 Nf6 2. c4 e6 3. Nc3 Bb4 4. e3 d5 5. Nf3 O-O 6. a3 Bxc3+ 7. bxc3 c5 8. Be2
b6 9. O-O Ba6 10. Nd2 Nbd7 11. Bb2 Qc7 12. Rc1 Rad8 13. Qa4 Bb7 14. cxd5 Bxd5
15. f3 e5 16. e4 Bc6 17. Qc2 Nh5 18. Rf2 Nf4 19. Bf1 Bb7 20. d5 Qd6 21. g3 Qg6
22. c4 Bc8 23. Kh1 Nh5 24. Bh3 Rfe8 25. Nf1 Qd6 26. Ne3 g6 27. Rcf1 Nhf6 28.
Bg2 Nh5 29. f4 exf4 30. gxf4 f6 31. Ng4 Qf8 32. Qc3 Re7 33. e5 f5 34. e6 Qg7
35. Qxg7+ Nxg7 36. exd7 fxg4 37. dxc8=Q Rxc8 38. d6 Rd7 39. Bd5+ Kf8 40. Bxg7+
Kxg7 41. f5 g5 42. f6+ Kf8 43. f7 Rcd8 44. Re1 Rxd6 45. Re8+ Rxe8 46. fxe8=Q+
Kxe8 47. Bf7+ 1-0

[Event "Ronne Jubilaum"]
[Site "Ronne"]
[Date "2001.06.24"]
[Round "1"]
[White "Tairova, Elena"]
[Black "Andersen, Kaare Vissing"]
[Result "0-1"]
[WhiteElo "1800"]
[BlackElo "2312"]
[PlyCount "48"]
[EventDate "2001.??.??"]
[EventType "swiss"]
[EventRounds "9"]
[EventCountry "DEN"]
[SourceDate "2005.12.01"]

1. e4 g6 2. d4 Bg7 3. Nc3 d6 4. Nf3 Nf6 5. Be2 c6 6. a4 O-O 7. O-O Qc7 8. Bf4
Nh5 9. Be3 e5 10. dxe5 dxe5 11. Bc4 Nf4 12. Qe1 Be6 13. Nd2 Nd7 14. g3 Bh3 15.
gxf4 exf4 16. Bxa7 Rxa7 17. Nb3 Ne5 18. f3 Nxc4 19. Rf2 Na5 20. Nxa5 Qxa5 21.
Kh1 Bxc3 22. bxc3 b5 23. Qd2 bxa4 24. Qxf4 Qxc3 0-1

[Event "Ronne Jubilaum"]
[Site "Ronne"]
[Date "2001.06.24"]
[Round "1"]
[White "Petersen, Jan"]
[Black "Lindberg, Henrik"]
[Result "1/2-1/2"]
[WhiteElo "1742"]
[BlackElo "2210"]
[PlyCount "47"]
[EventDate "2001.??.??"]
[EventType "swiss"]
[EventRounds "9"]
[EventCountry "DEN"]
[SourceDate "2005.12.01"]

1. e4 c5 2. d4 cxd4 3. c3 dxc3 4. Nxc3 Nc6 5. Nf3 d6 6. Bc4 e6 7. O-O Nf6 8.
Qe2 Be7 9. Rd1 e5 10. h3 O-O 11. Be3 Be6 12. Bd5 Bxd5 13. exd5 Nb8 14. Nxe5
dxe5 15. d6 Bxd6 16. Nb5 Qe7 17. Nxd6 Nc6 18. Bg5 Rab8 19. Ne4 Rfd8 20. Bxf6
gxf6 21. Qg4+ Kh8 22. Qf5 Kg7 23. Qg4+ Kh8 24. Qf5 1/2-1/2

[Event "Ronne Jubilaum"]
[Site "Ronne"]
[Date "2001.06.24"]
[Round "1"]
[White "Henriksen, Geir I"]
[Black "Ferrung, Steffen"]
[Result "1-0"]
[WhiteElo "2209"]
[BlackElo "1740"]
[PlyCount "69"]
[EventDate "2001.??.??"]
[EventType "swiss"]
[EventRounds "9"]
[EventCountry "DEN"]
[SourceDate "2005.12.01"]

1. d4 Nf6 2. Nf3 g6 3. c4 d5 4. Nc3 Bg7 5. e3 O-O 6. cxd5 Nxd5 7. Bc4 Nxc3 8.
bxc3 c5 9. O-O Nc6 10. Qe2 Bg4 11. Rd1 Qa5 12. Rb1 e5 13. dxe5 Nxe5 14. Bd5
Rab8 15. c4 Qc7 16. Bb2 b6 17. Bxe5 Bxe5 18. h3 Bf5 19. Rb3 Bg7 20. e4 Bd7 21.
Re3 Ba4 22. Re1 a6 23. e5 Bd7 24. Ng5 h6 25. Nxf7 Rxf7 26. Bxf7+ Kxf7 27. e6+
Kg8 28. exd7 Qxd7 29. Re7 Qd4 30. Rd1 Qb2 31. Qe6+ Kh8 32. Rxg7 Kxg7 33. Rd7+
Kh8 34. Qxg6 Rg8 35. Qxh6# 1-0

[Event "Ronne Jubilaum"]
[Site "Ronne"]
[Date "2001.06.24"]
[Round "1"]
[White "Simonsen, Per"]
[Black "Schultz Pedersen, Jesper"]
[Result "*"]
[WhiteElo "1723"]
[BlackElo "2206"]
[PlyCount "68"]
[EventDate "2001.??.??"]
[EventType "swiss"]
[EventRounds "9"]
[EventCountry "DEN"]
[SourceDate "2005.12.01"]

1. d4 Nc6 2. c4 e5 3. d5 Nce7 4. e4 Ng6 5. Nc3 Nf6 6. a3 a5 7. Be3 d6 8. f3 Be7
9. Qd2 Nd7 10. Bd3 Nc5 11. Bc2 h6 12. Nge2 Bg5 13. f4 exf4 14. Nxf4 Ne5 15. O-O
Nxc4 16. Qf2 Nxe3 17. Qxe3 O-O 18. e5 Qe8 19. Rae1 Qxe5 20. Qg3 Qd4+ 21. Kh1
Bd7 22. h4 Bxf4 23. Rxf4 Qd2 24. Re2 Qc1+ 25. Kh2 Rae8 26. Rff2 Rxe2 27. Rxe2
Re8 28. Rxe8+ Bxe8 29. Qf2 Bd7 30. b4 Qxa3 31. bxc5 Qxc3 32. cxd6 Qe5+ 33. g3
cxd6 34. Qd2 a4 

*